| 000 | 00720nam a2200229Ia 4500 | ||
|---|---|---|---|
| 003 | GCL | ||
| 008 | 140319s9999 xx 000 0 ara d | ||
| 040 |
_aGCL / _cGCL |
||
| 082 | 0 | 4 |
_a705 _bو ف |
| 100 | 1 | _aوزارة الثقافة | |
| 245 | 1 | 0 |
_aفنون مصرية ( ع1- يوليو 2004 ) / _cوزارة الثقافة |
| 250 | _aالاولى | ||
| 260 |
_aالقاهرة : _bوزارة الثقافة ، _c2004 |
||
| 300 |
_a159ص ؛ _c30 سم |
||
| 650 | 0 | 4 | _aتلوث البيئة |
| 650 | 0 | 4 | _aتوت عنخ امون |
| 650 | 0 | 4 | _aالعمارة |
| 650 | 0 | 4 | _aالعمارة الحديثة |
| 650 | 0 | 4 | _aمحمود مختار |
| 650 | 0 | 4 | _aمتحف الاسكندرية القومى |
| 942 |
_2ddc _cBK |
||
| 999 |
_c7839 _d7839 |
||